[Event "11th Chennai Open-GM 2019"]
[Site "Chennai"]
[Date "2019.01.21"]
[Round "6"]
[White "Gajek, Radoslaw"]
[Black "Harshavardhan G B"]
[Result "1-0"]
[WhiteElo "2481"]
[BlackElo "2275"]
[Annotator "ChessBase"]
[PlyCount "157"]
[EventDate "2019.01.18"]
[EventType "swiss"]
[EventCountry "IND"]
[SourceTitle "playchess.com"]
[Source "ChessBase"]
[SourceQuality "1"]
[TimeControl "5400+30"]

1. Nf3 {[%emt 0:00:00]} Nf6 {[%emt 0:00:50]} 2. c4 {[%emt 0:00:00]} e6 {[%emt 0:01:01]} 3. g3 {[%emt 0:00:00]} d5 {[%emt 0:00:04]} 4. Bg2 {[%emt 0:00:27]} Be7 {[%emt 0:00:06]} 5. d4 {[%emt 0:00:08]} O-O {[%emt 0:00:06]} 6. O-O {[%emt 0:00:05]} c6 {[%emt 0:00:03]} 7. Nbd2 {[%emt 0:00:19]} b6 {[%emt 0:00:06]} 8. Qc2 {[%emt 0:00:06]} Bb7 {[%emt 0:00:04]} 9. e4 {[%emt 0:00:32]} Na6 {[%emt 0:00:04]} 10. a3 {[%emt 0:01:43]} Qc8 {[%emt 0:01:04]} 11. e5 {[%emt 0:03:59]} Nd7 {[%emt 0:00:16]} 12. cxd5 {[%emt 0:00:48]} cxd5 {[%emt 0:00:34]} 13. Qd1 {[%emt 0:00:15]} Qc7 {[%emt 0:01:00]} 14. Re1 {[%emt 0:00:10]} Rac8 {[%emt 0:00:51]} 15. Nf1 {[%emt 0:00:07]} Qc2 {[%emt 0:01:06]} 16. Qxc2 {[%emt 0:00:14]} Rxc2 {[%emt 0:00:06]} 17. Ne3 {[%emt 0:00:04]} Rc7 {[%emt 0:00:39]} 18. Bd2 {[%emt 0:02:21]} Nab8 {[%emt 0:02:13]} 19. Rac1 {[%emt 0:12:03]} Rfc8 {[%emt 0:00:09]} 20. Rxc7 {[%emt 0:01:40]} Rxc7 {[%emt 0:00:06]} 21. Rc1 {[%emt 0:00:04]} Rxc1+ {[%emt 0:00:07]} 22. Bxc1 {[%emt 0:00:06]} Nc6 {[%emt 0:00:44]} 23. Bd2 {[%emt 0:00:54]} f6 {[%emt 0:01:05]} 24. exf6 {[%emt 0:00:32]} Bxf6 {[%emt 0:00:10]} 25. Bc3 {[%emt 0:00:19]} Kf7 {[%emt 0:01:51]} 26. Bf1 {[%emt 0:02:55]} a5 {[%emt 0:00:43]} 27. Ng4 {[%emt 0:06:18]} Ndb8 {[%emt 0:04:18]} 28. Bd3 {[%emt 0:08:56]} Ba6 {[%emt 0:05:32]} 29. Bxh7 {[%emt 0:07:45]} Be2 {[%emt 0:00:33]} 30. Kg2 {[%emt 0:00:52]} Bxf3+ {[%emt 0:00:15]} 31. Kxf3 {[%emt 0:00:09]} g6 {[%emt 0:00:48]} 32. Bg8+ {[%emt 0:00:48]} Ke7 {[%emt 0:00:28]} 33. Bh7 {[%emt 0:02:37]} Kf7 {[%emt 0:00:05]} 34. Bg8+ {[%emt 0:01:31]} Ke7 {[%emt 0:00:07]} 35. Ke3 {[%emt 0:19:22]} b5 {[%emt 0:00:10]} 36. b4 {[%emt 0:00:42]} axb4 {[%emt 0:00:04]} 37. axb4 {[%emt 0:00:22]} Bh8 {[%emt 0:02:01]} 38. h4 {[%emt 0:02:10]} Na6 {[%emt 0:00:17]} 39. Ne5 {[%emt 0:01:24]} Bxe5 {[%emt 0:00:20]} 40. dxe5 {[%emt 0:00:04]} Naxb4 {[%emt 0:00:10]} 41. Bb2 {[%emt 0:01:04]} d4+ {[%emt 0:00:48]} 42. Ke4 {[%emt 0:00:29]} Nc2 {[%emt 0:00:53]} 43. g4 {[%emt 0:00:34]} Nd8 {[%emt 0:11:09]} 44. h5 {[%emt 0:02:10]} gxh5 {[%emt 0:00:36]} 45. gxh5 {[%emt 0:00:06]} Kf8 {[%emt 0:00:07]} 46. Bh7 {[%emt 0:00:18]} Kg7 {[%emt 0:20:30]} 47. Bg6 {[%emt 0:00:18]} b4 {[%emt 0:00:38]} 48. f4 {[%emt 0:00:43]} Nc6 {[%emt 0:16:25]} 49. Be8 {[%emt 0:01:56]} Ne7 {[%emt 0:07:19]} 50. Bd7 {[%emt 0:01:25]} Nd5 {[%emt 0:04:49]} 51. Bxe6 {[%emt 0:01:56]} d3 {[%emt 0:00:21]} 52. h6+ {[%emt 0:06:10]} Kxh6 {[%emt 0:05:22]} 53. Bc1 {[%emt 0:00:34]} b3 {[%emt 0:03:05]} 54. f5+ {[%emt 0:01:06]} Kg7 {[%emt 0:01:46]} 55. Kxd3 {[%emt 0:02:14]} Ncb4+ {[%emt 0:02:50]} 56. Kc4 {[%emt 0:06:12]} Nf4 {[%emt 0:00:22]} 57. Bxf4 {[%emt 0:00:58]} b2 {[%emt 0:00:11]} 58. f6+ {[%emt 0:00:02]} Kg6 {[%emt 0:00:10]} 59. f7 {[%emt 0:00:03]} b1=Q {[%emt 0:00:17]} 60. f8=Q {[%emt 0:00:12]} Qe4+ {[%emt 0:00:53]} 61. Kb3 {[%emt 0:00:26]} Qb1+ {[%emt 0:00:47]} 62. Kc4 {[%emt 0:00:06]} Qe4+ {[%emt 0:00:05]} 63. Kb3 {[%emt 0:00:32]} Qb1+ {[%emt 0:00:08]} 64. Ka4 {[%emt 0:00:03]} Qd1+ {[%emt 0:01:18]} 65. Kxb4 {[%emt 0:00:15]} Qd4+ {[%emt 0:00:06]} 66. Kb5 {[%emt 0:00:14]} Qd3+ {[%emt 0:00:10]} 67. Bc4 {[%emt 0:00:33]} Qd7+ {[%emt 0:00:23]} 68. Kc5 {[%emt 0:00:30]} Qc7+ {[%emt 0:00:12]} 69. Kd4 {[%emt 0:00:25]} Qa7+ {[%emt 0:00:05]} 70. Kd3 {[%emt 0:00:20]} Qh7 {[%emt 0:01:03]} 71. Qg8+ {[%emt 0:00:11]} Qxg8 {[%emt 0:00:05]} 72. Bxg8 {[%emt 0:00:05]} Kf5 {[%emt 0:00:04]} 73. e6 {[%emt 0:00:12]} Kf6 {[%emt 0:00:03]} 74. Ke4 {[%emt 0:00:05]} Ke7 {[%emt 0:00:06]} 75. Ke5 {[%emt 0:00:05]} Ke8 {[%emt 0:00:04]} 76. Kf6 {[%emt 0:00:19]} Kf8 {[%emt 0:00:04]} 77. e7+ {[%emt 0:00:05]} Ke8 {[%emt 0:00:04]} 78. Bf7+ {[%emt 0:00:04]} Kd7 {[%emt 0:00:06]} 79. e8=Q# {[%emt 0:00:08]} 1-0

[Event "11th Chennai Open-GM 2019"]
[Site "Chennai"]
[Date "2019.01.21"]
[Round "6"]
[White "Vignesh N R"]
[Black "Srihari L R"]
[Result "1-0"]
[WhiteElo "2461"]
[BlackElo "2253"]
[Annotator "ChessBase"]
[PlyCount "103"]
[EventDate "2019.01.18"]
[EventType "swiss"]
[EventCountry "IND"]
[SourceTitle "playchess.com"]
[Source "ChessBase"]
[SourceQuality "1"]
[TimeControl "5400+30"]

1. e4 {[%emt 0:00:00]} c5 {[%emt 0:00:15]} 2. Nf3 {[%emt 0:00:00]} e6 {[%emt 0:00:10]} 3. d4 {[%emt 0:00:00]} cxd4 {[%emt 0:00:07]} 4. Nxd4 {[%emt 0:00:01]} a6 {[%emt 0:00:08]} 5. Bd3 {[%emt 0:00:22]} Bc5 {[%emt 0:00:24]} 6. Nb3 {[%emt 0:00:10]} Ba7 {[%emt 0:00:13]} 7. Qe2 {[%emt 0:02:14]} d6 {[%emt 0:03:12]} 8. Be3 {[%emt 0:00:12]} Nc6 {[%emt 0:01:23]} 9. N1d2 {[%emt 0:00:21]} Nf6 {[%emt 0:01:42]} 10. O-O {[%emt 0:01:22]} Bxe3 {[%emt 0:01:05]} 11. Qxe3 {[%emt 0:00:09]} O-O {[%emt 0:00:14]} 12. Rfd1 {[%emt 0:01:13]} Qc7 {[%emt 0:04:33]} 13. Be2 {[%emt 0:08:00]} Ne5 {[%emt 0:02:37]} 14. h3 {[%emt 0:01:13]} b5 {[%emt 0:09:04]} 15. a4 {[%emt 0:02:20]} Bd7 {[%emt 0:04:14]} 16. axb5 {[%emt 0:12:17]} axb5 {[%emt 0:05:58]} 17. f4 {[%emt 0:00:31]} Ng6 {[%emt 0:06:55]} 18. c3 {[%emt 0:00:09]} e5 {[%emt 0:02:30]} 19. f5 {[%emt 0:02:52]} Ne7 {[%emt 0:05:49]} 20. g4 {[%emt 0:03:28]} d5 {[%emt 0:01:02]} 21. Qc5 {[%emt 0:01:34]} Qxc5+ {[%emt 0:01:52]} 22. Nxc5 {[%emt 0:00:02]} Bc6 {[%emt 0:00:09]} 23. Nf3 {[%emt 0:04:05]} Nxe4 {[%emt 0:11:42]} 24. Nxe4 {[%emt 0:00:18]} dxe4 {[%emt 0:00:04]} 25. Nxe5 {[%emt 0:00:06]} b4 {[%emt 0:09:12]} 26. cxb4 {[%emt 0:07:27]} Ba4 {[%emt 0:02:22]} 27. Rd4 {[%emt 0:02:12]} e3 {[%emt 0:10:15]} 28. Ra3 {[%emt 0:02:14]} h6 {[%emt 0:01:33]} 29. b5 {[%emt 0:01:24]} Bc2 {[%emt 0:00:48]} 30. Rxe3 {[%emt 0:00:47]} Bxf5 {[%emt 0:01:18]} 31. gxf5 {[%emt 0:02:35]} Nxf5 {[%emt 0:00:02]} 32. Rdd3 {[%emt 0:00:09]} Nxe3 {[%emt 0:00:32]} 33. Rxe3 {[%emt 0:00:02]} Ra2 {[%emt 0:01:19]} 34. Nc4 {[%emt 0:00:06]} Rb8 {[%emt 0:02:07]} 35. b6 {[%emt 0:00:06]} Rxb2 {[%emt 0:02:54]} 36. Nxb2 {[%emt 0:00:08]} Rxb6 {[%emt 0:00:03]} 37. Nc4 {[%emt 0:00:15]} Rb1+ {[%emt 0:00:05]} 38. Kf2 {[%emt 0:00:06]} Rb7 {[%emt 0:00:33]} 39. Ne5 {[%emt 0:00:42]} f5 {[%emt 0:00:46]} 40. Rf3 {[%emt 0:01:20]} g5 {[%emt 0:00:56]} 41. Rxf5 {[%emt 0:00:07]} Kg7 {[%emt 0:00:03]} 42. Bh5 {[%emt 0:00:13]} Rb2+ {[%emt 0:00:07]} 43. Kg3 {[%emt 0:00:07]} Rb3+ {[%emt 0:00:14]} 44. Rf3 {[%emt 0:00:02]} Rb5 {[%emt 0:00:14]} 45. Rf7+ {[%emt 0:00:29]} Kg8 {[%emt 0:00:09]} 46. Ng4 {[%emt 0:00:29]} Rb3+ {[%emt 0:00:06]} 47. Kf2 {[%emt 0:00:21]} Rb2+ {[%emt 0:00:26]} 48. Ke1 {[%emt 0:00:07]} Rb1+ {[%emt 0:00:04]} 49. Kd2 {[%emt 0:00:04]} Rb2+ {[%emt 0:00:04]} 50. Kc3 {[%emt 0:00:05]} Rb6 {[%emt 0:00:03]} 51. Nf6+ {[%emt 0:00:07]} Rxf6 {[%emt 0:00:04]} 52. Rxf6 {[%emt 0:00:04]} 1-0

[Event "11th Chennai Open-GM 2019"]
[Site "Chennai"]
[Date "2019.01.21"]
[Round "6"]
[White "Akash G"]
[Black "Saurabh Anand"]
[Result "1/2-1/2"]
[WhiteElo "2453"]
[BlackElo "2210"]
[Annotator "TA"]
[PlyCount "73"]
[EventDate "2019.01.18"]
[EventType "swiss"]
[EventCountry "IND"]
[SourceTitle "playchess.com"]
[Source "ChessBase"]
[SourceQuality "1"]

{[%evp 36,73,0,-9,0,0,0,-63,-73,-62,-70,-83,-33,-36,0,0,0,0,0,-21,-6,-41,-47,-63,-45,-52,-55,-62,-60,-70,-65,-76,-40,-50,-8,-11,-4,-172,-184,-1207]} 1. e4 e5 2. Nf3 Nc6 3. Bb5 a6 4. Ba4 Nf6 5. O-O Be7 6. Re1 b5 7. Bb3 d6 8. c3 O-O 9. d4 Bg4 {[%cal Bc8g4,Bg4h5,Bh5g6][%mdl 32]} 10. Be3 exd4 11. cxd4 d5 12. e5 Ne4 13. h3 Bh5 14. Nc3 Nxc3 {C91: Closed Ruy Lopez: 7...d6 8 c3 0-0 9 d4} 15. bxc3 Na5 (15... Qd7 16. Bc2 Nd8 17. Qb1 Bg6 18. Bxg6 fxg6 19. Nd2 Ne6 20. a4 bxa4 21. Qa2 a3 22. c4 {½-½ (60) Wang,H (2709)-Ding,L (2777) Riadh 2017}) 16. Bc2 Nc4 17. g4 Bg6 18. Bf5 a5 19. Qd3 {LiveBook: 11 Games} c6 20. Bf4 b4 {[#]} 21. h4 $146 (21. Rec1 $11) ({Predecessor:} 21. Re2 Ra7 22. Rc1 Bxf5 23. gxf5 {½-½ (33) Miras Garcia,E (2524)-Oreopoulos,K (2478) ICCF email 2014}) 21... Bxf5 22. gxf5 f6 23. h5 Qc8 (23... Qd7 {is more complex.} 24. exf6 Rxf6 25. Bg5 Qxf5 26. Qxf5 Rxf5 27. Bxe7 Rxf3 28. cxb4 Rf4) 24. exf6 Rxf6 25. Rxe7 Qxf5 26. Qxf5 Rxf5 27. h6 gxh6 ({Don't play} 27... Rxf4 $6 28. Rxg7+ Kh8 29. Ng5 $14) 28. Be5 {[#] And now Rg7+ would win.} Rxf3 29. Rg7+ Kf8 30. Rxh7 {Threatens to win with Kg2.} Re8 $36 {[%mdl 2048] Black has the initiative.} 31. cxb4 Nxe5 32. dxe5 axb4 $15 {KRR-KRR} 33. Kg2 Rf5 {Hoping for ...Rg5+.} 34. a3 bxa3 {White must now prevent ...Rg5+.} 35. Rxa3 {[#] Strongly threatening Rh8+.} Rfxe5 {White should prevent ...c5.} 36. Raa7 $2 (36. Rxh6 $11 {and White is okay.} c5 37. f4 Re2+ 38. Kf3) 36... R5e7 $19 37. Ra3 $2 {[%mdl 32768] Precision: White = 22%, Black = 62%. . An unexpected result.} (37. Raxe7 Rxe7 38. Rxh6) 1/2-1/2

[Event "11th Chennai Open-GM 2019"]
[Site "Chennai"]
[Date "2019.01.21"]
[Round "6"]
[White "Nguyen, Van Huy"]
[Black "Karthik Venkataraman"]
[Result "1/2-1/2"]
[WhiteElo "2450"]
[BlackElo "2515"]
[Annotator "RC"]
[PlyCount "62"]
[EventDate "2019.01.18"]
[EventType "swiss"]
[EventCountry "IND"]
[SourceTitle "playchess.com"]
[Source "ChessBase"]
[SourceQuality "1"]
[TimeControl "5400+30"]

1. d4 {[%emt 0:00:41]} Nf6 {[%emt 0:02:04]} 2. c4 {[%emt 0:01:50]} g6 {[%emt 0:00:05]} 3. Nc3 {[%emt 0:00:27]} d5 {[%emt 0:00:05]} 4. cxd5 {[%emt 0:00:21]} Nxd5 {[%emt 0:00:03]} 5. Bd2 {[%emt 0:00:09]} Nb6 {[%emt 0:00:04]} 6. e4 {[%emt 0:00:50]} Bg7 {[%emt 0:00:07]} 7. Be3 {[%emt 0:00:24]} O-O {[%emt 0:00:06]} 8. h3 {[%emt 0:00:37]} e5 {[%emt 0:00:05]} 9. Nf3 {[%emt 0:02:05]} exd4 {[%emt 0:00:04]} 10. Bxd4 {[%emt 0:01:02]} Nc6 {[%emt 0:00:11]} 11. Bxg7 {[%emt 0:02:32]} Kxg7 {[%emt 0:00:07]} 12. Bb5 {[%emt 0:02:56]} Qf6 {[%emt 0:03:33]} 13. O-O {[%emt 0:05:46]} Rd8 {[%emt 0:00:22]} 14. Qe2 {[%emt 0:01:04]} Be6 {[%emt 0:13:34]} 15. Rfd1 {[%emt 0:19:57]} Na5 {[%emt 0:08:12]} 16. Rxd8 {[%emt 0:09:31]} Rxd8 {[%emt 0:00:18]} 17. Rd1 {[%emt 0:00:07]} Rxd1+ {[%emt 0:01:12]} 18. Qxd1 {[%emt 0:00:31]} Nac4 {[%emt 0:00:07]} 19. Bxc4 {[%emt 0:01:22]} Nxc4 {[%emt 0:00:09]} 20. Qe2 {[%emt 0:07:59]} c6 {[%emt 0:00:22]} 21. Nd1 {[%emt 0:07:39]} a5 {[%emt 0:15:02]} 22. b3 {[%emt 0:03:37]} Ne5 {[%emt 0:03:28]} 23. Nd4 {[%emt 0:05:16]} Bd7 {[%emt 0:16:01]} 24. Qd2 {[%emt 0:01:40]} c5 {[%emt 0:02:59]} 25. Ne2 {[%emt 0:00:30]} Qf3 {[%emt 0:04:45]} 26. Qd5 {[%emt 0:04:03]} Qxe2 {[%emt 0:01:37]} 27. Qxe5+ {[%emt 0:00:06]} Kg8 {[%emt 0:00:03]} 28. Qb8+ {[%emt 0:00:07]} Kg7 {[%emt 0:00:05]} 29. Qe5+ {[%emt 0:00:01]} Kg8 {[%emt 0:00:05]} 30. Qb8+ {[%emt 0:08:34]} Kg7 {[%emt 0:00:11]} 31. Qe5+ {[%emt 0:00:09]} Kg8 {[%emt 0:01:48]} 1/2-1/2

[Event "11th Chennai Open-GM 2019"]
[Site "Chennai"]
[Date "2019.01.21"]
[Round "6"]
[White "Shyaamnikhil P"]
[Black "Lugovskoy, Maxim"]
[Result "0-1"]
[WhiteElo "2446"]
[BlackElo "2445"]
[Annotator "ChessBase"]
[PlyCount "96"]
[EventDate "2019.01.18"]
[EventType "swiss"]
[EventCountry "IND"]
[SourceTitle "playchess.com"]
[Source "ChessBase"]
[SourceQuality "1"]
[TimeControl "5400+30"]

1. e4 {[%emt 0:00:36]} e6 {[%emt 0:00:00]} 2. d4 {[%emt 0:00:16]} d5 {[%emt 0:00:00]} 3. Nc3 {[%emt 0:02:37]} Bb4 {[%emt 0:00:00]} 4. e5 {[%emt 0:03:00]} c5 {[%emt 0:00:04]} 5. a3 {[%emt 0:00:07]} Bxc3+ {[%emt 0:00:05]} 6. bxc3 {[%emt 0:00:04]} Ne7 {[%emt 0:00:05]} 7. Qg4 {[%emt 0:00:09]} Qc7 {[%emt 0:00:04]} 8. Qxg7 {[%emt 0:00:08]} Rg8 {[%emt 0:00:04]} 9. Qxh7 {[%emt 0:00:05]} cxd4 {[%emt 0:00:03]} 10. Ne2 {[%emt 0:00:09]} Nbc6 {[%emt 0:00:04]} 11. f4 {[%emt 0:00:13]} Bd7 {[%emt 0:00:03]} 12. h4 {[%emt 0:01:54]} O-O-O {[%emt 0:02:00]} 13. Qd3 {[%emt 0:01:39]} dxc3 {[%emt 0:00:05]} 14. Qxc3 {[%emt 0:00:38]} Nf5 {[%emt 0:01:51]} 15. Rh3 {[%emt 0:04:05]} d4 {[%emt 0:02:12]} 16. Qc4 {[%emt 0:01:02]} f6 {[%emt 0:08:11]} 17. exf6 {[%emt 0:03:18]} Nd6 {[%emt 0:01:21]} 18. Qb3 {[%emt 0:03:43]} Ne4 {[%emt 0:04:50]} 19. f7 {[%emt 0:20:31]} Rgf8 {[%emt 0:01:19]} 20. Qd3 {[%emt 0:00:33]} Nc5 {[%emt 0:02:47]} 21. Qc4 {[%emt 0:03:24]} Na5 {[%emt 0:13:19]} 22. Qb4 {[%emt 0:05:37]} e5 {[%emt 0:01:31]} 23. Rg3 {[%emt 0:02:24]} Rxf7 {[%emt 0:09:33]} 24. fxe5 {[%emt 0:02:53]} d3 {[%emt 0:08:10]} 25. Re3 {[%emt 0:07:07]} dxe2 {[%emt 0:03:08]} 26. Bxe2 {[%emt 0:00:06]} b6 {[%emt 0:01:18]} 27. Rb1 {[%emt 0:03:02]} Be6 {[%emt 0:00:37]} 28. h5 {[%emt 0:02:42]} Nc6 {[%emt 0:01:57]} 29. Qc3 {[%emt 0:01:32]} Nd4 {[%emt 0:00:28]} 30. Rb4 {[%emt 0:00:16]} Nxe2 {[%emt 0:00:24]} 31. Kxe2 {[%emt 0:00:12]} Rg8 {[%emt 0:05:24]} 32. Rg3 {[%emt 0:00:26]} Rxg3 {[%emt 0:00:51]} 33. Qxg3 {[%emt 0:00:06]} Rg7 {[%emt 0:00:06]} 34. Qf3 {[%emt 0:00:31]} Qxe5+ {[%emt 0:00:15]} 35. Be3 {[%emt 0:00:07]} Bd5 {[%emt 0:02:36]} 36. Qf8+ {[%emt 0:00:15]} Kb7 {[%emt 0:00:51]} 37. g4 {[%emt 0:01:18]} Ne4 {[%emt 0:03:07]} 38. Bf4 {[%emt 0:00:40]} Qc3 {[%emt 0:15:47]} 39. Qb8+ {[%emt 0:01:53]} Ka6 {[%emt 0:00:41]} 40. Ra4+ {[%emt 0:06:02]} Kb5 {[%emt 0:00:04]} 41. Rb4+ {[%emt 0:00:06]} Ka5 {[%emt 0:00:36]} 42. Qe5 {[%emt 0:00:41]} Qxc2+ {[%emt 0:00:38]} 43. Ke1 {[%emt 0:00:06]} Qf2+ {[%emt 0:03:00]} 44. Kd1 {[%emt 0:00:07]} Qf1+ {[%emt 0:01:32]} 45. Kc2 {[%emt 0:00:08]} Qf2+ {[%emt 0:01:56]} 46. Kd1 {[%emt 0:00:46]} Qg1+ {[%emt 0:00:21]} 47. Kc2 {[%emt 0:00:07]} Qc5+ {[%emt 0:00:06]} 48. Kb2 {[%emt 0:00:20]} Rxg4 {[%emt 0:00:56]} 0-1

[Event "11th Chennai Open-GM 2019"]
[Site "Chennai"]
[Date "2019.01.21"]
[Round "6"]
[White "Harikrishnan.A.Ra"]
[Black "Aleksandrov, Aleksej"]
[Result "0-1"]
[WhiteElo "2430"]
[BlackElo "2582"]
[Annotator "TA"]
[PlyCount "44"]
[EventDate "2019.01.18"]
[EventType "swiss"]
[EventCountry "IND"]
[SourceTitle "playchess.com"]
[Source "ChessBase"]
[SourceQuality "1"]

{[%evp 9,44,20,20,0,13,5,15,0,9,-26,-22,-23,-17,-39,-38,-39,-39,-54,-57,-84,-84,-87,-80,-310,-309,-311,-318,-342,-333,-388,-382,-396,-389,-377,-337,-320,-270]} 1. Nf3 Nf6 2. g3 b5 3. Bg2 Bb7 4. O-O e6 5. d3 Be7 6. Nbd2 $146 {A05: Réti Opening: 1 Nf3 Nf6} (6. e4 d6 7. Nfd2 e5 8. a4 a6 9. Nc3 c6 10. f4 Nbd7 11. Nf3 O-O 12. h3 Qc7 13. g4 Ne8 14. Ne2 exf4 15. Bxf4 {0-1 (45) Grischuk,A (2771)-Maghsoodloo,P (2688) St Petersburg 2018}) ({Predecessor:} 6. e4 d6 7. Re1 O-O {1-0 (41) Sader,M (2170)-Fornari,G (2080) Caorle 1988}) 6... O-O 7. e4 d6 8. Re1 {The position is equal.} Nfd7 9. e5 ({Predecessor:} 9. c3 c5 10. a4 a6 11. d4 Qc7 12. Qe2 bxa4 13. Rxa4 Nb6 14. Ra1 N8d7 {1-0 (41) Sader,M (2170)-Fornari,G (2080) Caorle 1988}) 9... dxe5 10. Nxe5 Bxg2 11. Kxg2 Nxe5 12. Rxe5 c5 13. Qf3 Qc7 14. Nb3 Qxe5 15. Qxa8 c4 16. d4 $2 {[#]} (16. dxc4 $17 bxc4 17. Nd2) 16... Qc7 $1 $19 17. Bf4 Qb6 18. Na5 Bb4 (18... Qxa5 19. Bxb8 Qb4 20. Qxa7 $17) 19. a4 Bxa5 20. axb5 Qxb5 21. Bxb8 Bc7 ({Worse is} 21... Qxb8 22. Qxb8 Rxb8 23. Rxa5 $11) ({Weaker is} 21... Rxb8 {[#]} 22. Rxa5 $1 {[%mdl 512]} Qb7+ 23. Qxb7 $11) 22. Rxa7 Bxb8 {Accuracy: White = 24%, Black = 81%.} 0-1

[Event "11th Chennai Open-GM 2019"]
[Site "Chennai"]
[Date "2019.01.21"]
[Round "6"]
[White "Manik, Mikulas"]
[Black "Pranesh M"]
[Result "1/2-1/2"]
[WhiteElo "2413"]
[BlackElo "2125"]
[Annotator "ChessBase"]
[PlyCount "83"]
[EventDate "2019.01.18"]
[EventType "swiss"]
[EventCountry "IND"]
[SourceTitle "playchess.com"]
[Source "ChessBase"]
[SourceQuality "1"]
[TimeControl "5400+30"]

1. e4 {[%emt 0:00:00]} e5 {[%emt 0:00:00]} 2. Nf3 {[%emt 0:00:00]} Nc6 {[%emt 0:00:00]} 3. Bb5 {[%emt 0:00:00]} Nf6 {[%emt 0:00:00]} 4. d3 {[%emt 0:00:00]} Bc5 {[%emt 0:00:00]} 5. c3 {[%emt 0:00:09]} d6 {[%emt 0:00:01]} 6. O-O {[%emt 0:00:20]} O-O {[%emt 0:00:16]} 7. h3 {[%emt 0:01:36]} Ne7 {[%emt 0:00:28]} 8. Re1 {[%emt 0:02:12]} Ng6 {[%emt 0:00:21]} 9. d4 {[%emt 0:02:10]} Bb6 {[%emt 0:00:44]} 10. Be3 {[%emt 0:03:48]} exd4 {[%emt 0:04:08]} 11. Bxd4 {[%emt 0:00:55]} c5 {[%emt 0:00:23]} 12. Bxf6 {[%emt 0:00:16]} Qxf6 {[%emt 0:00:05]} 13. Nbd2 {[%emt 0:00:29]} Nf4 {[%emt 0:02:01]} 14. Bf1 {[%emt 0:01:01]} Be6 {[%emt 0:05:04]} 15. h4 {[%emt 0:10:44]} Rad8 {[%emt 0:14:39]} 16. g3 {[%emt 0:08:22]} Ng6 {[%emt 0:05:15]} 17. Nc4 {[%emt 0:00:34]} d5 {[%emt 0:02:19]} 18. e5 {[%emt 0:00:17]} Qe7 {[%emt 0:00:21]} 19. Nxb6 {[%emt 0:02:28]} axb6 {[%emt 0:00:12]} 20. Qb3 {[%emt 0:12:49]} Qc7 {[%emt 0:03:24]} 21. Qc2 {[%emt 0:00:21]} h6 {[%emt 0:05:10]} 22. Bg2 {[%emt 0:06:06]} Ne7 {[%emt 0:03:39]} 23. Nd2 {[%emt 0:05:16]} d4 {[%emt 0:05:53]} 24. Be4 {[%emt 0:00:40]} Nc6 {[%emt 0:01:54]} 25. f4 {[%emt 0:00:54]} Qd7 {[%emt 0:10:47]} 26. Nf3 {[%emt 0:06:21]} Bg4 {[%emt 0:02:00]} 27. Qf2 {[%emt 0:04:14]} Qe6 {[%emt 0:06:00]} 28. cxd4 {[%emt 0:02:01]} Nxd4 {[%emt 0:03:32]} 29. Nh2 {[%emt 0:03:11]} Bf5 {[%emt 0:00:48]} 30. Nf1 {[%emt 0:00:55]} Rd7 {[%emt 0:01:42]} 31. b3 {[%emt 0:02:28]} Rfd8 {[%emt 0:00:50]} 32. Rac1 {[%emt 0:00:22]} Bxe4 {[%emt 0:02:50]} 33. Rxe4 {[%emt 0:00:05]} Qc6 {[%emt 0:00:14]} 34. Rce1 {[%emt 0:03:31]} Qe6 {[%emt 0:03:26]} 35. Rc1 {[%emt 0:00:22]} Nf5 {[%emt 0:00:49]} 36. Rce1 {[%emt 0:06:38]} Rd3 {[%emt 0:00:27]} 37. Qg2 {[%emt 0:02:22]} b5 {[%emt 0:01:10]} 38. Rc1 {[%emt 0:04:01]} b6 {[%emt 0:00:45]} 39. Kh2 {[%emt 0:00:44]} Qg6 {[%emt 0:00:34]} 40. Rce1 {[%emt 0:01:03]} h5 41. Rc1 Qe6 42. Kg1 1/2-1/2

[Event "11th Chennai Open-GM 2019"]
[Site "Chennai"]
[Date "2019.01.21"]
[Round "6"]
[White "Sahoo, Utkal Ranjan"]
[Black "Predke, Alexandr"]
[Result "0-1"]
[WhiteElo "2388"]
[BlackElo "2620"]
[Annotator "TA"]
[PlyCount "140"]
[EventDate "2019.01.18"]
[EventType "swiss"]
[EventCountry "IND"]
[SourceTitle "playchess.com"]
[Source "ChessBase"]
[SourceQuality "1"]

{[%evp 23,140,-9,-9,-8,-8,-6,-6,-8,-8,-10,-7,-6,-8,-16,-16,-12,-7,-6,-8,-13,-16,-14,0,0,0,0,6,0,0,0,0,0,0,0,0,-8,-3,-3,-4,-40,-41,-41,-41,-46,-32,-44,-12,-38,0,0,0,0,0,0,0,0,0,-29,-29,-34,-36,-86,-86,-86,-86,-86,-86,-86,-86,-86,-86,-86,-86,-86,-86,-86,-86,-86,-87,-93,-46,-70,-47,-54,-54,-70,-70,-87,-77,-94,-79,-81,-79,-87,-80,-58,-66,-74,-74,-228,-236,-222,-221,-294,-225,-1016,-958,-29975,-29976,-29976,-789,-29977,-29978,-29978,-29979,-29985,-29986,-29996,-29997]} 1. d4 Nf6 2. c4 e6 3. Nf3 d5 4. Nc3 Be7 5. cxd5 exd5 6. Bg5 c6 7. Qc2 g6 8. e3 Bf5 9. Bd3 Bxd3 10. Qxd3 Nbd7 11. O-O O-O 12. Rae1 {D36: Queen's Gambit Declined: Exchange Variation: Main line (5 Bg5 c6 6 Qc2)} (12. h3 Re8 13. Bf4 Bf8 14. Ne5 Bg7 15. Bh2 Nxe5 16. Bxe5 Ne4 17. Bxg7 Kxg7 18. Nxe4 Rxe4 19. b4 a6 20. a4 Qd6 21. b5 {½-½ (34) Bu,X (2723)-Wei,Y (2696) Wuxi 2016}) 12... Ne4 {LiveBook: 3 Games} 13. Bf4 Re8 14. Nd2 {The position is equal.} Nxd2 15. Qxd2 Nb6 $146 16. Qd3 Bd6 17. Bxd6 Qxd6 18. f3 Qb4 19. Re2 Rad8 20. Rd1 Re6 21. b3 a5 22. Qc2 f5 23. g3 Rde8 24. Rde1 R6e7 25. Nd1 {[%cal Bc3d1,Bd1f2,Bf2d3][%mdl 32]} a4 26. Nf2 axb3 27. axb3 Ra8 28. Nd3 Qb5 (28... Qa3 {keeps more tension.} 29. Nc5 Qa5 30. Kg2 Qb4 31. Nd3 Qd6) 29. Qc5 Qxc5 30. Nxc5 Nc8 31. Kf2 Nd6 32. h3 {[%cal Bh2h3,Bh3h4][%mdl 32]} Ra3 33. Rb2 $1 Nb5 34. Nd3 g5 35. Rg1 Kf8 36. h4 g4 37. fxg4 fxg4 38. Ne5 Rg7 39. Kg2 Ke7 40. Rf1 Nd6 41. Rf4 h5 42. Nd3 Rg6 43. Rf1 Re6 44. Re1 Rf6 45. Nf4 Rf5 46. Rf1 Kd7 47. Rg1 Ne4 48. Rf1 Kd6 49. Rc1 Ke7 50. Rf1 Ke8 51. Re1 Kf7 52. Ree2 Kg7 53. b4 Nc3 $1 {[%cal Rc3e2]} 54. Re1 Kh6 55. Rf1 Rf8 56. Kh2 Nb5 57. Re1 Rf7 58. Kg1 Re7 59. Ng2 Nd6 60. Kh2 Nc4 $36 {[%mdl 2048] Black is on the roll.} 61. Rbb1 $2 {[#]} (61. Rbe2 $17 {keeps fighting.}) 61... Nd2 $1 $19 62. Ra1 Rb3 {And now ...Nf3+ would win.} 63. Rec1 Rb2 64. Ra8 $2 {[#]} (64. Kg1) 64... Rxe3 $1 {[%mdl 512]} 65. Rh8+ (65. Nxe3 Nf3+) 65... Kg7 66. Rb8 Nf3+ 67. Kh1 Re7 {Black mates.} 68. b5 Rxb5 69. Nf4 Rb2 {[%csl Gf3][%cal Rb2h2]} 70. Nxh5+ Kf7 {Accuracy: White = 57%, Black = 74%.} 0-1